000 02168cam a2200397 a 4500
001 16955
003 BD-RjUL
005 20211209000053.0
008 140215s1962 nyua 001 0 eng d
035 _a(BD-RjUL)17011
040 _aDLC
_cDLC
_beng
_dBD-RjUL
041 _aeng
051 _aPS3511
_b.R94 1950 Copy 2
_cCopyright deposit copy in slipcase, with embossed stamp below colophon: This is one of 15 presentation copies 'out of series.'
051 _aPS3511
_b.R94 1950 Copy 3
_cBruce Rogers's copy, in slipcase with chemise, with embossed stamp below colophon: This is one of 15 presentation copies 'out of series.' Monthly letter of the Limited Editions Club (July 1950, no. 216) laid in.
051 _aLEC no. 208
_cCopy no. 1, in slipcase, acquired as part of an archival set from the publisher in 2008.
082 0 0 _a811.5
_bFRC 1962
100 1 _aFrost, Robert,
_d1874-1963.
_952317
245 1 4 _aThe complete poems of Robert Frost /
_cwith a preface by the author ; an appreciation by Louis Untermeyer and wood-engravings by Thomas W. Nason.
260 _aNew York :
_bLimited Editions Club,
_c1962.
300 _axxi,66p. :
_bill. ;
_c29 cm.
500 _a"This edition ... consists of fifteen hundred copies ... printed under the direction of Bruce Rogers at the Marchbanks Press ... signed by [Robert Frost, Thomas Nason, Bruce Rogers]"--Colophon.
500 _aIssued together in slipcase.
510 4 _aNewman & Wiche. Great and good books,
_c208
510 4 _aLimited Editions Club. Bibliography of the fine books published by the Limited Editions Club, 1929-1985,
_cno. 208
650 0 _aPoems
_952194
700 1 _aNason, Thomas W.
_q(Thomas Willoughby),
_d1889-1971,
_eill.
_952318
700 1 _aRogers, Bruce,
_d1870-1957,
_eformer owner.
_5DLC
_952319
710 2 _aMarchbanks Press,
_eprinter.
_952320
710 2 _aLimited Editions Club,
_eformer owner.
_5DLC
_952321
710 2 _aPforzheimer Bruce Rogers Collection (Library of Congress)
_5DLC
_952322
710 2 _aLimited Editions Club Collection (Library of Congress)
_5DLC
_952323
942 _2ddc
_cBK
999 _c16955
_d16955